| 000 | 00613nam a2200181 u 4500 | ||
|---|---|---|---|
| 001 | 000620453 | ||
| 003 | AM-YeHGA | ||
| 005 | 20250617140011.0 | ||
| 008 | 081216s1960 ||| r 000 0 rus d | ||
| 040 | _aAM-YeHGA | ||
| 041 | 0 | _arus | |
| 100 | 1 | _aГорбунов, Борис Петрович | |
| 245 | 1 | 0 |
_aБудем знакомы : _bЮмористические рассказы / _cБ. Горбунов. |
| 260 |
_aВладимир : _bВладимирское кн. изд-во, _c1960. |
||
| 300 |
_a84 с. : _bил. |
||
| 653 | 0 | _aЮмористическая литература | |
| 090 | _c212898 | ||
| 999 |
_c211388 _d211388 |
||